Prof. G Ram Reddy Library

Bostan-e-khayal (Record no. 128)

MARC details
000 -LEADER
fixed length control field 00491nam a2200181Ia 4500
003 - CONTROL NUMBER IDENTIFIER
control field LDD
008 - FIXED-LENGTH DATA ELEMENTS--GENERAL INFORMATION
fixed length control field 181101s9999 xx 000 0 und d
020 ## - INTERNATIONAL STANDARD BOOK NUMBER
International Standard Book Number 8187666951
Terms of availability 300.00
040 ## - CATALOGING SOURCE
Transcribing agency LDD
100 ## - MAIN ENTRY--PERSONAL NAME
Personal name Kanwal, Ibne
245 #0 - TITLE STATEMENT
Title Bostan-e-khayal
Remainder of title ek mutalea
Statement of responsibility, etc. Ibne Kanwal
260 ## - PUBLICATION, DISTRIBUTION, ETC.
Place of publication, distribution, etc. Delhi
Name of publisher, distributor, etc. Kitabi Duniya
Date of publication, distribution, etc. 2005
300 ## - PHYSICAL DESCRIPTION
Extent 422p.
901 ## - LOCAL DATA ELEMENT A, LDA (RLIN)
a 15920
b 17-03-2017
902 ## - LOCAL DATA ELEMENT B, LDB (RLIN)
a 2840
b 17-03-2017
c F
d PIBD
e 8U
903 ## - LOCAL DATA ELEMENT C, LDC (RLIN)
a 20
b Reqst by : Mohamad Akabar
942 ## - ADDED ENTRY ELEMENTS (KOHA)
Source of classification or shelving scheme Dewey Decimal Classification
Koha item type Urdu Books
Holdings
Withdrawn status Lost status Source of classification or shelving scheme Damaged status Not for loan Home library Current library Cost, normal purchase price Total Checkouts Full call number Barcode Date last seen Cost, replacement price Price effective from Koha item type
No   Dewey Decimal Classification     Library and Documentation Division Library and Documentation Division 300.00   8U4.3 K139B UR000089 11/01/2018 300.00 11/01/2018 Urdu Books

© Prof. G Ram Reddy Centre Library, Indira Gandhi National Open University, Maidan Garhi, New Delhi, 110068
+91-011-29532797 | FAX+91-011-29533393 |